000 00259nam a2200097Ia 4500
008 220204s9999 xx 000 0 und d
082 _a5(031)
_bRAI
245 0 _aRaintree illustrated science encyclopedia. 20 V
260 _aToronto
_bRaintree
_c1979
942 _cBK
999 _c34071
_d34071